Les joueurs formés au FC Barcelone (depuis 2000) - Statistiques

Statistiques générales
  • Ce quiz a été pris 757 fois
  • Le résultat moyen est 10 sur 33
Statistiques - réponses
Joueur formé au club Matchs Buts % Correct
Lionel Messi 444 412
98%
Andres Iniesta 442 35
94%
Xavi Hernandez 505 58
94%
Sergio Busquets 523 13
87%
Carles Puyol 392 12
80%
Victor Valdes 387 0
72%
Pedro 204 58
62%
Sergi Roberto 232 8
56%
Bojan Krkic 104 26
47%
Thiago Alcantara 101 11
42%
Rafael Alcantara 86 12
31%
Marc Bartra 103 6
24%
Pep Guardiola 263 6
24%
Cristian Tello 86 20
23%
Gerard Deulofeu 23 2
21%
Sergi Samper 13 0
21%
Munir El Haddadi 56 12
20%
Carles Alena 25 2
19%
Jeffren Suarez 33 9
18%
Martin Montoya 67 2
18%
Isaac Cuenca 30 4
14%
Gabri Garcia 129 7
13%
Sergi Barjuan 267 6
13%
Luis Garcia 25 4
12%
Giovani dos Santos 28 3
11%
Jonathan dos Santos 29 0
11%
Sandro Ramirez 32 7
8%
Thiago Motta 96 6
5%
Andreu Fontas 16 1
3%
Pepe Reina 30 0
2%
Fernando Navarro 21 1
1%
Ivan de la Pena 90 11
1%
Francesc Arnau 24 0
0%
Aucun quiz correspondant
Distribution des résultats
% des personnes avec chaque résultat
Percentile par nombre de réponses
Votre historique - résultats
Vous n’avez pas pris ce quiz